25 plus grandes villes du Centre-Val de Loire - Statistiques

Statistiques générales
  • Ce quiz a été pris 107 fois
  • Le résultat moyen est 12 sur 25
Statistiques - réponses
Hint Réponse % Correct
137 658 Tours
99%
116 617 Orléans
98%
63 702 Bourges
93%
42 968 Châteauroux
92%
46 813 Blois
86%
38 447 Chartres
80%
38 183 Joué-lès-Tours
71%
25 348 Vierzon
69%
30 879 Dreux
65%
15 061 Montargis
57%
15 747 Vendôme
52%
22 855 Olivet
41%
12 938 Amboise
40%
12 909 Châteaudun
35%
18 115 Romorantin-Lanthenay
30%
15 909 Saint-Pierre-des-Corps
29%
13 387 Gien
28%
16 679 Saran
28%
21 438 Fleury-les-Aubrais
27%
17 004 Saint-Cyr-sur-Loire
23%
21 700 Saint-Jean-de-Braye
21%
15 000 Saint-Avertin
20%
15 602 Lucé
17%
16 594 Saint-Jean-de-la-Ruelle
16%
13 267 Amilly
14%
Aucun quiz correspondant
Distribution des résultats
% des personnes avec chaque résultat
Percentile par nombre de réponses
Votre historique - résultats
Vous n’avez pas pris ce quiz